00335nam a2200133Ia 4500008004100000020001500041041001200056100001800068245004800086250000800134260003500142300000800177650001600185221030s9999 xx 000 0 und d a9380016603 aEnglish aM. C. Trivedi 0aClient / Server Computingcby M. C. Trivedi a2nd bKhanna Book Pub.aDelhic2014 a258 aBE Computer